Statistiques concernant Chanteurs et groupes par lettre - A

Cliquez ici pour prendre le quiz!

Statistiques générales

  • Ce quiz a été pris 798 fois
  • Le résultat moyen est 12 sur 20

Statistiques - réponses

Période d’activitéPaysChansonsGroupe ou artiste% Correct
2015 -Balance Ton Quoi | Tout OublierAngèle
95%
2014-Djadja | PookieAya Nakamura
91%
2004 -Ma philosophie | Jusqu’au boutAmel Bent
90%
1973 - 1982
2018 -
Dancing Queen | Mamma MiaABBA
88%
2008 -Set Fire to the Rain | HelloAdele
88%
1975 -Thunderstruck | Highway to HellAC/DC
75%
1971 -Foule sentimentale | Allo maman boboAlain Souchon
73%
2013 - 2018Wake Me Up | Hey BrotherAvicii
71%
2013 -Thank U, Next | 7 RingsAriana Grande
68%
1985 -Take on Me | The Living DaylightsA-ha
64%
2003 - 2011Rehab | Back to BlackAmy Winehouse
64%
1950 - 2018Cho ka ka o | Tata yoyoAnnie Cordy
57%
2001 -Girl on Fire | If I Aint' Got YouAlicia Keys
54%
1966 - 2009La nuit je mens | Gaby oh GabyAlain Bashung
47%
1973 -Walk This Way | Dream OnAerosmith
39%
1961 - 2018Respect | I Say A Little Prayer For YouAretha Franklin
39%
2002 -Sk8er Boi | ComplicatedAvril Lavigne
36%
1964 -The House of the Rising Sun | Inside-Looking OutThe Animals
34%
2006 -I Bet You Look Good on the Dancefloor |
Do I Wanna Know ?
Arctic Monkeys
28%
1991 -Ironic | Hand in My PocketAlanis Morissette
17%

Distribution des résultats

Percentile par nombre de réponses

% des personnes avec chaque résultat

Votre développement - résultats

Vous n’avez pas pris ce quiz